Country Flags General Knowledge #1 - Statistics

General Stats
  • This quiz has been taken 1,553 times
    1,460 since last reset
  • The average score is 13 of 20
Answer Stats
Question Answer % Correct
What is the only country flag that is NOT rectangular or square? Nepal
96%
What do the stars on the U.S. flag represent? U.S. States
95%
Besides a star, what object appears on the flag of Turkey and Pakistan? Crescent
94%
What is the name of the British flag? Union Jack
88%
What is the name of the star that appears on the flag of Israel? Star of David
87%
What items were found on the flag of the Soviet Union? Hammer
84%
What country calls its flag "nisshoki", meaning 'flag of sun', in its native language? Japan
84%
What items were found on the flag of the Soviet Union? Sickle
76%
What African country is the flag of Romania virtually identical to? Chad
73%
Name one of the four countries whose flags include a firearm. Bolivia | Guatemala |Haiti | Mozambique
64%
Which country's flag used to be plain green between 1977–2011? Libya
62%
What country was the first to use the cross on its flag? Denmark
58%
What type of animal used to be depicted on the flags of Iran and Ethiopia until the 70s? Lion
57%
What constellation is depicted on the Australian and New Zealand flag? Southern Cross
56%
Other than Switzerland, what is the only country with a square flag? Vatican City
54%
What building is depicted on the Cambodian flag? Angkor Wat
52%
What type of tree is depicted on the Lebanese flag? Cedar
46%
What country had this flag between 1928–1994? South Africa
37%
What cattle-herding tribe's shield is depicted on the Kenyan flag? Maasai
35%
What Portuguese motto can be seen on the flag of Brazil? {Ordem} e Progresso
34%
No matching quizzes found
Score Distribution
Percent of People with Each Score
Percentile by Number Answered
Your Score History
You have not taken this quiz since the last reset